Responses for Show #6593 - Wednesday, April 24, 2013

Contestants

[<< previous game]

Christina Rodriguez, a claims processor from Carterville, Illinois

Andy Hermann, a website producer from Los Angeles, California

Bill Hawkins, a hotel concierge from New York, New York (whose 1-day cash winnings total $17,400)

[next game >>]

Jeopardy! Round responses

RADIO, RADIO
ALL IN THE FAMILY
TERMS WITH GREEK LETTERS
HERE'S THE BEGINNING
THE MIDDLE IS "OK"
(Alex: Those two letters--"O-K"--will come up in the middle of each correct response.)
BUT THE END IS ROUGH
    $200 5
Hawaii

Christina
    $200 16
Christian Bale

Andy
    $200 1
Alpha Centauri

Bill
    $200 26
(Andy: What is The Chronicles of Narnia?)

The Lion, the Witch, & the Wardrobe

BillAndy
    $200 11
a rookie

Bill
    $200 21
Julius Caesar

Andy
    $400 6
Billboard

Christina
    $400 17
Deschanel

Andy
    $400 2
a beta-blocker

Bill
    $400 27
Tuesdays with Morrie

Bill
    $400 12
smoked

Andy
    $400 22
(Andy: Who is Jack Ruby?)
...
(Alex: Yes, the man Jack Ruby killed.)

Lee Harvey Oswald

BillAndy
    $600 7
the volunteers

Christina
    $600 18
(Bill: Who is Muriel?)

Mariel & Margaux

Bill
Triple Stumper
    $600 3
"Delta Dawn"

Triple Stumper
    $600 28
[The end-of-round signal sounds.]

Little Women

Christina
    $600 13
crooked

Andy
    $600 23
(Alex: With less than a minute to go, you are right.)

Che Guevara

Christina
    $800 8
Ann Arbor

Andy
    $3,000 19
Simon & Schuster

Andy
    $800 4
omega-3 acids

Andy
    $800 14
a choker

Andy
    $800 24
the "Boston Strangler"

Andy
    $1000 9
NYC

Triple Stumper
    $1000 20
the Carradines

Andy
    $1000 10
Life of Pi

Andy
    $1000 15
spoken

Bill
    $1000 25
Nat Turner

Andy

Scores at the first commercial break (after clue 14):

Bill Andy Christina
$800 $4,400 $1,200

Scores at the end of the Jeopardy! Round:

Bill Andy Christina
$2,200 $10,400 $2,400

Double Jeopardy! Round responses

EUROPEAN LAKES
WHAT ARE YOU WAITING FOR?
AD-JECTIVES
NOT BY SHAKESPEARE
ALL SCIENCE "E"
THE SHOW WITHIN THE SHOW
    $400 26
the Loch Ness monster

Andy
    $400 16
Yale

Andy
    $400 6
"good"

Andy
    $400 7
Falstaff

Bill
    $400 21
evergreens

Christina
    $400 1
30 Rock

Bill
    $800 27
the Netherlands

Andy
    $800 17
Godot

Andy
    $800 12
"ultimate"

Andy
    $800 8
the Chew

Bill
    $800 22
an electron

Andy
    $800 2
Sesame Street

Christina
    $1200 28
(Bill: What is Norway?)

Russia

BillAndy
    $1200 18
Florida

Andy
    $1200 13
"juicy"

Andy
    $1200 9
Hamlet 2

Andy
    $1200 23
emphysema

Andy
    $1200 3
Community

Bill
    $1600 29
(Alex: Think of the Battle of Marathon, and that would be [*].)

Athens

Triple Stumper
    $2,000 19
(James) Brady

Andy
    $1600 14
"so easy"

Bill
    $3,000 10
(Andy: Who is Henry VIII?)
(Alex: No. There is a Henry VIII but no [*].)

Henry VII

Andy
    $1600 24
(Alex: Exo- or ecto-. You are correct.)

exotherms

Bill
    $1600 4
(Christina: What is Friends?)

Episodes

BillChristina
    $2000 30
Eton

Andy
    $2000 20
"Waltzing Matilda"

Christina
    $2000 15
(Christina: What is "big"?)

"small"

AndyChristina
    $2000 11
(Alex: It's not Twelfth Night. It's [*].)

Thirteenth Night

Triple Stumper
    $2000 25
(Christina: What is endorphin?)

epinephrine

Christina
Triple Stumper
    $2000 5
Futurama

Christina

Scores at the end of the Double Jeopardy! Round:

Bill Andy Christina
$8,600 $23,800 $2,000
(lock game)

[wagering suggestions for these scores]

Final Jeopardy! Round responses

THE U.S. GOVERNMENT
ChristinaWhat is the State of the Union adress
$1,500
BillWhat is the State of the Union address?
$4,500
AndyWhat is State of the Union address?
$3,200
the State of the Union address

Final scores:

Bill Andy Christina
$13,100 $27,000 $3,500
2nd place: $2,000 New champion: $27,000 3rd place: $1,000

Game dynamics:

Coryat scores:

Bill Andy Christina
$8,600 $24,200 $2,000
14 R,
2 W
28 R
(including 2 DDs),
3 W
(including 1 DD)
9 R,
3 W

Combined Coryat: $34,800

[game clues] [game scores] [suggest correction]

Game tape date: 2012-12-05
The J! Archive is created by fans, for fans. Scraping, republication, monetization, and malicious use prohibited; this site may use cookies and collect identifying information. See terms. The Jeopardy! game show and all elements thereof, including but not limited to copyright and trademark thereto, are the property of Jeopardy Productions, Inc. and are protected under law. This website is not affiliated with, sponsored by, or operated by Jeopardy Productions, Inc. Join the discussion at JBoard.tv.